UM Logo

Perfectionism and burnout in R&D teams / (Record no. 20790)

MARC details
000 -LEADER
fixed length control field 00889nam a22002297a 4500
003 - CONTROL NUMBER IDENTIFIER
control field OSt
005 - DATE AND TIME OF LATEST TRANSACTION
control field 20260211085337.0
008 - FIXED-LENGTH DATA ELEMENTS--GENERAL INFORMATION
fixed length control field 240821b ||||| |||| 00| 0 eng d
040 ## - CATALOGING SOURCE
Transcribing agency 0
082 ## - DEWEY DECIMAL CLASSIFICATION NUMBER
Classification number DPer 361.05 J826 January-April 2020 v. 67 n. 1-3
100 ## - MAIN ENTRY--PERSONAL NAME
Personal name Rice, Kenneth G.
Relator term author.
9 (RLIN) 58738
245 ## - TITLE STATEMENT
Title Perfectionism and burnout in R&D teams /
Statement of responsibility, etc. Kenneth G. Rice, and Yuwen Liu.
260 ## - PUBLICATION, DISTRIBUTION, ETC. (IMPRINT)
Place of publication, distribution, etc. Washington ;
Name of publisher, distributor, etc. American Psychological Association ,
Date of publication, distribution, etc. April 2020.
300 ## - PHYSICAL DESCRIPTION
Extent Volume 67, pages 303-314 :
Other physical details illustration ;
Dimensions 28 cm.
500 ## - GENERAL NOTE
General note Journal of Counseling Psychology, vol. 67, no. 3, pages 303-314, April 2020.
650 #0 - SUBJECT ADDED ENTRY--TOPICAL TERM
Topical term or geographic name as entry element Perfectionism.
9 (RLIN) 65372
650 #0 - SUBJECT ADDED ENTRY--TOPICAL TERM
Topical term or geographic name as entry element Workplace psychology.
9 (RLIN) 65365
650 #0 - SUBJECT ADDED ENTRY--TOPICAL TERM
Topical term or geographic name as entry element Burnout, professional epidemiology psychology.
9 (RLIN) 65373
700 ## - ADDED ENTRY--PERSONAL NAME
Personal name Rice, Kenneth G.
Relator term author.
9 (RLIN) 58738
700 ## - ADDED ENTRY--PERSONAL NAME
Personal name Liu, Yuwen.
Relator term author.
9 (RLIN) 58739
942 ## - ADDED ENTRY ELEMENTS (KOHA)
Source of classification or shelving scheme Dewey Decimal Classification
Koha item type Periodicals
Holdings
Withdrawn status Lost status Source of classification or shelving scheme Damaged status Not for loan Collection code Home library Current library Date acquired Total Checkouts Full call number Date last seen Price effective from Koha item type Public note
    Dewey Decimal Classification     Periodicals UM Digos College - LIC UM Digos College - LIC 08/21/2024   DPer 361.05 J386 January-April 2020 v. 67 n. 1-3 08/21/2024 08/21/2024 Periodicals Periodical Article